Wastewater microbiology / (Record no. 331911)

000 -LEADER
fixed length control field 01272cam a2200313 a 4500
001 - CONTROL NUMBER
control field 1123069
003 - CONTROL NUMBER IDENTIFIER
control field NUST
005 - DATE AND TIME OF LATEST TRANSACTION
control field 20171102103133.0
008 - FIXED-LENGTH DATA ELEMENTS--GENERAL INFORMATION
fixed length control field 940121s1994 nyua b 001 0 eng
010 ## - LIBRARY OF CONGRESS CONTROL NUMBER
LC control number 94003875
020 ## - INTERNATIONAL STANDARD BOOK NUMBER
International Standard Book Number 0471309850 (alk. paper)
020 ## - INTERNATIONAL STANDARD BOOK NUMBER
International Standard Book Number 0471309869 (alk. paper : pbk.)
040 ## - CATALOGING SOURCE
Original cataloging agency DLC
Transcribing agency DLC
Modifying agency DLC
050 00 - LIBRARY OF CONGRESS CALL NUMBER
Classification number QR48
Item number .B53 1994
082 00 - DEWEY DECIMAL CLASSIFICATION NUMBER
Classification number 628.301576 BIT
Edition number 20
100 1# - MAIN ENTRY--PERSONAL NAME
Personal name Bitton, Gabriel.
9 (RLIN) 5831
245 10 - TITLE STATEMENT
Title Wastewater microbiology /
Statement of responsibility, etc. Gabriel Bitton.
260 ## - PUBLICATION, DISTRIBUTION, ETC.
Place of publication, distribution, etc. New York :
Name of publisher, distributor, etc. Wiley-Liss,
Date of publication, distribution, etc. c1994.
300 ## - PHYSICAL DESCRIPTION
Extent x, 478 p. :
Other physical details ill. ;
Dimensions 26 cm.
440 #0 - SERIES STATEMENT/ADDED ENTRY--TITLE
Title Wiley series in ecological and applied microbiology
9 (RLIN) 5832
500 ## - GENERAL NOTE
General note P.B
504 ## - BIBLIOGRAPHY, ETC. NOTE
Bibliography, etc. note Includes bibliographical references p. (381-448) and index.
650 #0 - SUBJECT ADDED ENTRY--TOPICAL TERM
Topical term or geographic name entry element Sanitary microbiology.
9 (RLIN) 2527
650 #0 - SUBJECT ADDED ENTRY--TOPICAL TERM
Topical term or geographic name entry element Water
General subdivision Microbiology.
9 (RLIN) 5833
650 #0 - SUBJECT ADDED ENTRY--TOPICAL TERM
Topical term or geographic name entry element Sewage
General subdivision Microbiology.
9 (RLIN) 5834
856 4# - ELECTRONIC LOCATION AND ACCESS
Materials specified Table of Contents
Uniform Resource Identifier <a href="http://www.loc.gov/catdir/toc/onix05/94003875.html">http://www.loc.gov/catdir/toc/onix05/94003875.html</a>
856 42 - ELECTRONIC LOCATION AND ACCESS
Materials specified Publisher description
Uniform Resource Identifier <a href="http://www.loc.gov/catdir/enhancements/fy0706/94003875-d.html">http://www.loc.gov/catdir/enhancements/fy0706/94003875-d.html</a>
906 ## - LOCAL DATA ELEMENT F, LDF (RLIN)
a 7
b cbc
c orignew
d 1
e ocip
f 19
g y-gencatlg
942 ## - ADDED ENTRY ELEMENTS (KOHA)
Source of classification or shelving scheme
Koha item type Book
Call number prefix IESE
Holdings
Withdrawn status Lost status Source of classification or shelving scheme Damaged status Not for loan Collection code Permanent Location Current Location Shelving location Date acquired Total Checkouts Full call number Barcode Date last seen Price effective from Koha item type
            Institute of Environmental Science and Engineering (IESE) Institute of Environmental Science and Engineering (IESE) General Stacks 11/02/2017   628.301576 BIT IESE-204 11/02/2017 11/02/2017 Book
© 2023 Central Library, National University of Sciences and Technology. All Rights Reserved.